تحميل...

Ecological nationalism: nature,livelihoods, and identities in South Asia

التفاصيل البيبلوغرافية
المؤلف الرئيسي: Cederlof,Gunnel
التنسيق: Printed Book
منشور في: permanent Black: New Delhi, 2005
LEADER 00457nam a22001217a 4500
082 |a 577  |b CED/E 
100 |a Cederlof,Gunnel 
245 |a Ecological nationalism:  |b nature,livelihoods, and identities in South Asia 
260 |a permanent Black:  |b New Delhi,  |c 2005 
300 |a 399 
942 |c BK 
999 |c 99376  |d 99376 
952 |0 0  |1 0  |4 0  |6 577_000000000000000_CED_E  |7 0  |9 92610  |a SSS  |b SSS  |c GEN  |d 2012-02-10  |g 750.00  |l 1  |m 1  |o 577 CED/E  |p SSS05038  |r 2012-02-10  |s 2012-02-10  |w 2012-02-10  |y BK